[Event "TUR-chT Clubs"]
[Site "Konya"]
[Date "2019.07.20"]
[Round "7.17"]
[White "Kaymak, Cenk Bahadir"]
[Black "Karakus, Ali"]
[Result "1-0"]
[WhiteElo "1573"]
[BlackElo "1338"]
[PlyCount "99"]
[EventDate "2019.07.16"]
[EventType "team-swiss"]
[EventRounds "9"]
[EventCountry "TUR"]
[SourceTitle "CBM 191 Extra"]
[Source "ChessBase"]
[SourceDate "2019.09.30"]
[SourceVersion "1"]
[SourceVersionDate "2019.09.30"]
[SourceQuality "1"]
[WhiteTeam "Baglarbasi"]
[BlackTeam "Dumlupinar Turk"]
[WhiteTeamCountry "TUR"]
[BlackTeamCountry "TUR"]

1. e4 c5 2. Nf3 e6 3. d4 cxd4 4. Nxd4 a6 5. g3 b5 6. Bg2 Bb7 7. 0-0 Nf6 8. Re1 Qc7 9. c3 Be7 10. e5 Nd5 11. Qg4 Bf8 12. Nd2 Ne7 13. Ne4 Ng6 14. Nd6+ Bxd6 15. exd6 Qc8 16. Bxb7 Qxb7 17. h4 h5 18. Qg5 Nc6 19. Nf5 0-0 20. Ne7+ Ncxe7 21. dxe7 Rfe8 22. Qxh5 Nxe7 23. Qg4 Qd5 24. Rd1 Qc6 25. h5 Kh7 26. Bf4 d5 27. Qf3 f6 28. Qd3+ Kg8 29. Qe2 e5 30. Bd2 Qc4 31. Qf3 Qc8 32. Kg2 Qf5 33. Qe2 Rad8 34. a4 Rb8 35. Be3 Qd7 36. axb5 axb5 37. Ra7 Rb7 38. Ra6 Rc8 39. h6 Nf5 40. Bd2 Rc4 41. Qh5 Qc8 42. Rda1 Rbc7 43. Ra8 Ne7 44. Rxc8+ Rxc8 45. hxg7 Kxg7 46. Rh1 Ng8 47. Qf5 R4c7 48. Rh7+ Kf8 49. Bh6+ Ke8 50. Qe6+ 1-0

[Event "TUR-chT Clubs"]
[Site "Konya"]
[Date "2019.07.19"]
[Round "6.10"]
[White "Mutlu, Bunyamin"]
[Black "Kaymak, Cenk Bahadir"]
[Result "1-0"]
[WhiteElo "1511"]
[BlackElo "1573"]
[PlyCount "83"]
[EventDate "2019.07.16"]
[EventType "team-swiss"]
[EventRounds "9"]
[EventCountry "TUR"]
[SourceTitle "CBM 191 Extra"]
[Source "ChessBase"]
[SourceDate "2019.09.30"]
[SourceVersion "1"]
[SourceVersionDate "2019.09.30"]
[SourceQuality "1"]
[WhiteTeam "Trabzon Feda"]
[BlackTeam "Baglarbasi"]
[WhiteTeamCountry "TUR"]
[BlackTeamCountry "TUR"]

1. e4 e5 2. Nf3 Nc6 3. Bb5 a6 4. Ba4 Nf6 5. 0-0 Nxe4 6. d4 b5 7. Bb3 d5 8. dxe5 Be6 9. a4 b4 10. a5 Be7 11. Ba4 0-0 12. Bxc6 Rb8 13. Be3 Bc5 14. Bxc5 Nxc5 15. Qd4 Qe7 16. Nbd2 b3 17. c3 Rfd8 18. Ba4 Nxa4 19. Qxa4 c5 20. Nxb3 d4 21. Nbd2 Rxb2 22. cxd4 cxd4 23. Qa3 Qxa3 24. Rxa3 g5 25. Rb1 Rc2 26. h3 h5 27. Ne4 g4 28. hxg4 hxg4 29. Nfd2 Kg7 30. Raa1 Rd5 31. Rc1 Rxc1+ 32. Rxc1 Rxa5 33. Rc5 Ra2 34. Kh2 a5 35. Kg3 a4 36. Ra5 a3 37. f3 gxf3 38. gxf3 Ra1 39. Nc5 Bd5 40. Ncb3 Bxb3 41. Nxb3 Re1 42. Nxd4 1-0

[Event "Istanbul op-B"]
[Site "Istanbul"]
[Date "2018.09.02"]
[Round "2"]
[White "Kaymak, Cenk Bahadir"]
[Black "Gundogan, Sinem Cagla"]
[Result "0-1"]
[WhiteElo "1543"]
[BlackElo "1834"]
[PlyCount "108"]
[EventDate "2018.09.02"]
[EventType "swiss"]
[EventRounds "9"]
[EventCountry "TUR"]
[SourceTitle "CBM 186 Extra"]
[Source "ChessBase"]
[SourceDate "2018.08.24"]
[SourceVersion "1"]
[SourceVersionDate "2018.08.24"]
[SourceQuality "1"]

1. d4 d5 2. Nf3 Nf6 3. g3 c6 4. Bg2 Nbd7 5. 0-0 e6 6. b3 Bd6 7. Bb2 Qc7 8. c4 b6 9. Nbd2 0-0 10. Re1 Bb7 11. Rc1 c5 12. cxd5 exd5 13. e3 Rfc8 14. dxc5 bxc5 15. Qc2 a5 16. Ba1 a4 17. Red1 axb3 18. axb3 Ra7 19. Bc3 Rca8 20. Ra1 Rxa1 21. Rxa1 Rxa1+ 22. Bxa1 Ba6 23. Qa2 Qb6 24. h3 h6 25. Bf1 Bxf1 26. Kxf1 Qb5+ 27. Kg2 Qd3 28. Qa8+ Kh7 29. Qc6 Bf8 30. Qc8 Be7 31. Qc7 Qf5 32. Qc6 Qe6 33. Qa4 Bd6 34. Qh4 Kg8 35. Qa4 Ne5 36. Nxe5 Bxe5 37. Bxe5 Qxe5 38. Qb5 Qc3 39. Qe2 Qc2 40. Kf1 Ne4 41. Nxe4 Qxe4 42. Qb5 c4 43. bxc4 dxc4 44. Qb8+ Kh7 45. Qf4 Qd3+ 46. Ke1 c3 47. e4 Qb1+ 48. Ke2 Kg8 49. Qf5 Qa2+ 50. Kd3 Qd2+ 51. Kc4 g6 52. Qc8+ Kg7 53. Qc5 c2 54. Qe5+ Kh7 0-1

[Event "TUR-ch"]
[Site "Kemer"]
[Date "2011.02.05"]
[Round "1"]
[White "Aktas, Ilker"]
[Black "Kaymak, Cenk Bahadir"]
[Result "1-0"]
[WhiteElo "1986"]
[BlackElo "1809"]
[PlyCount "71"]
[EventDate "2011.02.05"]
[EventType "swiss"]
[EventRounds "10"]
[EventCountry "TUR"]
[SourceTitle "CBM 140 Extra"]
[Source "ChessBase"]
[SourceDate "2011.03.01"]
[SourceVersion "1"]
[SourceVersionDate "2011.03.01"]
[SourceQuality "1"]

1. e4 e5 2. Nf3 Nf6 3. Nxe5 d6 4. Nf3 Nxe4 5. Nc3 Nxc3 6. dxc3 Be7 7. Bf4 Be6 8. Nd4 Bd7 9. Bd3 Nc6 10. Qd2 Nxd4 11. cxd4 d5 12. 0-0-0 Be6 13. Kb1 Bd6 14. Bg5 Be7 15. Bf4 Bd6 16. Bg5 Be7 17. Bxe7 Qxe7 18. f4 Qd7 19. g4 g6 20. f5 gxf5 21. gxf5 Bxf5 22. Bxf5 Qxf5 23. Rhf1 Qh5 24. Rde1+ Kd7 25. Re5 Qg6 26. Rxd5+ Kc8 27. Rg5 Qe6 28. Re5 Qc4 29. Qf4 b6 30. b3 Qb4 31. Qe4 Rb8 32. Rxf7 Qd6 33. Re6 Qxh2 34. Qf5 Qg1+ 35. Re1+ Kd8 36. Rf8+ 1-0